000 00236nam a2200097Ia 4500
001 979184
005 20251229155040.0
008 250824s9999 xx 000 0 und d
245 0 _aBÜYÜK VURUŞ
_cHARLAN COBEN
260 _bMARTI YAYINCILIK
999 _c979184
_d979184